00737 2200229 4500001002100000005001500021035002000036007000300056008004100059020002200100082001000122084001600132100001800148245021200166250001000378260003600388300002300424650001800447700002000465990001100485990001100496INLIS00000000000432020191024023527 a0010-1019000172ta191024 g 0 ind  a978-602-1279-32-8 a808.3 a808.3 ELI m0 aELISA, Herman1 aMenggapai Mentari :bPertemuan seorang bidan elisa dengan tokoh idolanya, jokowi, memberikan inspirasi yang menyala-nyala dalam dirinya, hingga tertuang dalam buku ini /cElisa Herman; editor, Atiatul Mu'min acet.1 aJakarta :bPenebar Plus+,c2016 a326 hlm. ;c20 cm. 4aSASTRA. NOVEL0 aATIATUL, Mu'min a6999 a a6999 b